| 000 | 00632nam a22001937a 4500 | ||
|---|---|---|---|
| 005 | 20170509115149.0 | ||
| 010 | _aENG-117778 | ||
| 020 |
_c1850.00 _a9789386224187 |
||
| 035 | _aEN-101310 | ||
| 037 | _bDBAD/PUB | ||
| 082 | _a332.10954 | ||
| 100 | _aGupta, Renu | ||
| 245 |
_aBanking reforms and competition : _cby Renu Gupta _bstructure, conduct and performance / |
||
| 260 |
_aNew Delhi _bRegal Publications _c2016 |
||
| 270 |
_aF-159, Rajouri Garden _bNew Delhi _e110027 |
||
| 300 |
_axv, 420p. _c22cm(Hb) |
||
| 500 | _aIncludes bibliographical references and index | ||
| 942 |
_2ddc _cEN _h332.10954 _mGUP |
||
| 999 |
_c138982 _d138982 |
||